| Tag |
First Indicator |
Second Indicator |
Subfields |
| LEADER |
00000cgm a2200000Ia 4500 |
| 001 |
in00002492829 |
| 005 |
20151111041353.0 |
| 007 |
vd bvaiz| |
| 008 |
060228s2005 xx 063 vleng d |
| 028 |
4 |
0 |
|a 22056
|b International Historic Films
|
| 035 |
|
|
|a (OCoLC)ocm64391029
|
| 035 |
|
|
|a (OCoLC)64391029
|
| 040 |
|
|
|a OBE
|c OBE
|d OCLCQ
|d OCLCG
|d UtOrBLW
|
| 043 |
|
|
|a a-ja---
|
| 049 |
|
|
|a TXAM
|
| 090 |
|
|
|a DS821
|b K65 2005
|
| 245 |
0 |
0 |
|a Know your enemy--Japan /
|c Information and Education Division, Army Service Forces ; produced by Army Pictorial Service, Signal Corps.
|
| 264 |
|
1 |
|a Chicago, IL :
|b International Historic Films,
|c [2005]
|
| 264 |
|
4 |
|c ©2005
|
| 300 |
|
|
|a 1 videodisc (63 min.) :
|b sound, black and white ;
|c 4 3/4 in.
|
| 336 |
|
|
|a two-dimensional moving image
|b tdi
|2 rdacontent
|
| 337 |
|
|
|a video
|b v
|2 rdamedia
|
| 338 |
|
|
|a videodisc
|b vd
|2 rdacarrier
|
| 490 |
1 |
|
|a Historic film classics
|
| 538 |
|
|
|a DVD; region 0.
|
| 511 |
0 |
|
|a Narrator, John Huston.
|
| 500 |
|
|
|a Originally released as a motion picture in 1945 under the direction of Frank Capra.
|
| 520 |
|
|
|a Explains how the religious, political, cultural, and economic history of Japan contributed toward making her a formidable foe. Intended to show the American serviceman the fighting characteristics of his Japanese counterpart.
|
| 500 |
|
|
|a Videorecording.
|
| 650 |
|
0 |
|a National characteristics, Japanese.
|
| 651 |
|
0 |
|a Japan
|x Civilization.
|
| 655 |
|
7 |
|a Documentary films.
|2 lcgft
|
| 655 |
|
7 |
|a Nonfiction films.
|2 lcgft
|
| 655 |
|
7 |
|a Propaganda films.
|2 lcgft
|
| 700 |
1 |
|
|a Capra, Frank,
|d 1897-1991.
|
| 700 |
1 |
|
|a Huston, John,
|d 1906-1987.
|
| 710 |
1 |
|
|a United States.
|b Army Service Forces.
|b Morale Service Division.
|
| 710 |
1 |
|
|a United States.
|b Army Pictorial Service.
|
| 710 |
2 |
|
|a International Historic Films Inc.
|
| 830 |
|
0 |
|a Historic film classics (Chicago, Ill.)
|
| 994 |
|
|
|a C0
|b TXA
|
| 948 |
|
|
|a cataloged
|b h
|c 2009/7/10
|d c
|e blrosas
|f 11:40:07 am
|
| 999 |
|
|
|a MARS
|
| 999 |
f |
f |
|s e9d905bc-63fd-3447-ba84-f7edb291052d
|i 97987112-99c1-3375-b332-6d8cf204c314
|t 0
|
| 952 |
f |
f |
|p dvd
|a Texas A&M University
|b College Station
|c Sterling C. Evans Library
|d Evans: Media and Reserves (Annex 1st floor)
|t 0
|e DS821 K65 2005
|h Library of Congress classification
|i video -- videodisc
|m A14838845067
|
| 998 |
f |
f |
|a DS821 K65 2005
|t 0
|l Evans: Media and Reserves (Annex 1st floor)
|